|
000
|
01055nam0 2200277 450
|
|
001
|
3351
|
|
005
|
20090922134309.0
|
|
010
|
|
@a978-7-301-15458-8@dCNY70.00
|
|
100
|
|
@a20090921d2009 em y0chiy0110 ea
|
|
101
|
0
|
@achi
|
|
102
|
|
@aCN@b110000
|
|
105
|
|
@aa z 000yy
|
|
106
|
|
@ar
|
|
200
|
1
|
@a信号、系统与控制理论@AXin Hao、 Xi Tong Yu Kong Zhi Li Lun@h下册@HXia Ce@f邱德润[等]编著@FQiu De Run [ Deng ] Bian Zhu
|
|
210
|
|
@a北京@c北京大学出版社@d2009
|
|
215
|
|
@a456-693页@c图@d26cm
|
|
300
|
|
@a21世纪全国本科院校电气信息类创新型应用人才培养规划教材
|
|
304
|
|
@a编著者还有:陈日新、曾喆昭、黄辉先
|
|
330
|
|
@a本书内容包括:对信号的基本认识、对控制的基本认识、系统数学模型的建立、信号与系统控制的时域分析法、信号与系统控制的复频域分析法、系统的校正与设计、状态空间分析法等。
|
|
606
|
0
|
@a信号理论@x高等学校@j教材
|
|
606
|
0
|
@a信号系统@x高等学校@j教材
|
|
606
|
0
|
@a自动控制理论@x高等学校@j教材
|
|
690
|
|
@aTN91@v4
|
|
701
|
0
|
@a邱德润@AQiu De Run@4编著
|
|
801
|
0
|
@aCN@b浙江省新华书店集团公司@c20090922
|
|
905
|
|
@dTN91@e108@f3
|
|
|
|
|
| |
| 信号、系统与控制理论.下册/邱德润[等]编著.-北京:北京大学出版社,2009 |
| 456-693页:图;26cm |
| 21世纪全国本科院校电气信息类创新型应用人才培养规划教材 |
| |
| ISBN 978-7-301-15458-8:CNY70.00 |
| 本书内容包括:对信号的基本认识、对控制的基本认识、系统数学模型的建立、信号与系统控制的时域分析法、信号与系统控制的复频域分析法、系统的校正与设计、状态空间分析法等。 |
| ● |
正题名:信号、系统与控制理论
索取号:TN91/108
 
预约/预借
| 序号
|
登录号
|
条形码
|
馆藏地/架位号
|
状态
|
备注
|
|
1
|
307382
|
300307382
|
柳城-4楼/柳城-4楼60架13列3层/
[索取号:TN91/108]
|
在馆
|
|
|
2
|
307384
|
300307384
|
柳城-4楼/柳城-4楼60架13列3层/
[索取号:TN91/108]
|
在馆
|
|
|
3
|
307385
|
300307385
|
柳城-4楼/柳城-4楼60架13列3层/
[索取号:TN91/108]
|
在馆
|
|